000 00555nam a2200133Ia 4500
008 171212s9999 xx 000 0 und d
020 _a9780833031716
100 _aMedby, Jamison Jo;Glenn, Russell W.
245 _cMedby, Jamison Jo;Glenn, Russell W.
_aStreet Smart
_bIntelligence Preparation of the Battlefield for Urban Operations
260 _bRAND Corporation
_c2002
650 _aTechnology
650 _aUrban warfare; Military intelligence -- United States; United States. Army -- Drill and tactics
856 _uwww.jstor.org/stable/10.7249/mr1287a
999 _c352576
_d352576